000
00322nam a22001577a 4500
003
SGT
020
_a
81-8204-064-7
082
_a
647.952
_b
YAD
100
_a
YADAV, MANOJ K.
245
_a
THE WAITER
250
_a
1ST
260
_a
INDIA
_b
AMAN PUB.
_c
2011
300
_a
270
650
_a
WAITERS
942
_2
ddc
_c
BK
999
_c
28593
_d
28593